| 000 | 00433nam a2200145Ia 4500 | ||
|---|---|---|---|
| 008 | 210430s9999 xx 000 0 und d | ||
| 020 | _a81-85617-87-2 | ||
| 082 | _a670.42 P9451P | ||
| 100 |
_aS C Black .V Chiles, A J Lissaman, S J Martin _9127820 |
||
| 245 |
_aPrinciples of Engineering Manufacture / _cS C Black .V Chiles |
||
| 250 | _a3rd edition | ||
| 260 |
_aIndia _bEdward Arnold _c2004 |
||
| 300 | _a637p | ||
| 942 |
_cBK _2ddc |
||
| 999 |
_c564578 _d564578 |
||